000 00964nam a22002537a 4500
999 _c21412
_d21412
003 AR-CdUCM
008 190319b ||||| |||| 00| 0 spa d
020 _a9789972573378
040 _aMUNICIPALIDAD PROVINCIAL DEL CUSCO
_cBIBLIOTECA MUNICIPAL DEL CUSCO
082 _a516.242/S57
_bS57
100 _aSiu Koochoy, Ricardo
_944668
245 _aTrigonometría plana /
260 _aLima ;
_bUniversidad del Pacífico,
_c2015.
300 _a345 Páginas. :
_c22x17 cm.
440 _aApuntes de estudio.
_n83
_944669
505 _aContenido: Sistema de medidas angulares -- Razones trigonométricas -- Ángulos de elevación y de depresión -- Círculo trigonométrico -- Identidades trigonométricas ...
650 _aTrigonometría plana
_944670
650 _aProblemas ejercicios
_944671
650 _aMatemáticas
_99398
700 _aAndaluz Zúñiga, Carlos
_944672
710 _aUniversidad del Pacífico
_98279
942 _2ddc
_cLIBROS
945 _aRoel